| 000 | 00527cam a2200217ua 4500 | ||
|---|---|---|---|
| 001 | 7868 | ||
| 005 | 20260515114249.0 | ||
| 008 | 141229n ii |||gr||||Z||||||hin | ||
| 040 | _cMAIN | ||
| 041 | _ahin | ||
| 082 | _a891.43 | ||
| 100 |
_aSudhakar, _eAuthor. |
||
| 245 | 1 |
_ahindi sahity ka itihos _cBy Sudhakar |
|
| 250 | _a1st. | ||
| 260 |
_aAgra: _bHarish, _c1992. |
||
| 300 | _a328p. | ||
| 653 | _aEast Indo-European & Celtic literatures | ||
| 653 | _aHindi literature | ||
| 700 |
_aShakuntala, _eAuthor. |
||
| 942 | _cBK | ||
| 999 |
_c6983 _d6983 |
||